Fußball: WM2014 Kader GER - Statistiken

Allgemein
  • Dieses Quiz wurde 2.754 mal gespielt
  • Das Durchschnittsergebnis liegt bei 20 aus 25
Antwortstatistiken
POSITION SPIELER Verein Rückennummer Alter bei der WM % Korrekt
TORWART Manuel Neuer FC BAYERN MÜNCHEN 1 28
100%
ABWEHR Mats Hummels BORUSSIA DORTMUND 5 26
95%
STURM Miroslav Klose LAZIO ROM 11 36
94%
ABWEHR Jerome Boateng FC BAYERN MÜNCHEN 20 26
93%
TRAINER Joachim Löw - - 54
93%
STURM Thomas Müller FC BAYERN MÜNCHEN 13 25
92%
ABWEHR Philipp Lahm FC BAYERN MÜNCHEN 16 31
91%
MITTELFELD Toni Kroos FC BAYERN MÜNCHEN 18 24
90%
MITTELFELD Mesut Özil ARSENAL FC 8 26
89%
TORWART Roman Weidenfeller BORUSSIA DORTMUND 22 34
88%
MITTELFELD Bastian Schweinsteiger FC BAYERN MÜNCHEN 7 30
87%
MITTELFELD Mario Götze FC BAYERN MÜNCHEN 19 22
86%
TORWART Ron-Robert Zieler HANNOVER 96 12 25
82%
MITTELFELD Sami Khedira REAL MADRID 6 27
82%
MITTELFELD Andre Schürrle CHELSEA FC 9 24
81%
CO-TRAINER Hansi Flick - - 49
80%
ABWEHR Per Mertesacker ARSENAL FC 17 30
80%
ABWEHR Benedikt Höwedes FC SCHALKE 04 4 26
79%
ABWEHR Matthias Ginter SC FREIBURG 3 20
78%
MITTELFELD Christoph Kramer MÖNCHEN GLADBACH 23 23
76%
MITTELFELD Julian Draxler FC SCHALKE 04 14 21
69%
MITTELFELD Lukas Podolski ARSENAL FC 10 29
64%
ABWEHR Shkodran Mustafi SAMPDORIA 21 22
64%
ABWEHR Erik Durm BORUSSIA DORTMUND 15 22
57%
ABWEHR Kevin Großkreutz BORUSSIA DORTMUND 2 26
57%
Keine übereinstimmenden Quizze gefunden
Verteilung der Resultate
Anzahl Personen mit jedem Resultat
Perzentil nach korrekt beantworteten Fragen
Ihre Resultats-Entwicklung
Sie haben dieses Quiz noch nicht gespielt